000 00515nam a2200181 a 4500
003 MX-MxUPN
005 20250801150405.0
008 250801s2005 au |||||r|||| 000 0 eng d
040 _aMX-MxUPN
_bspa
_cMX-MxUPN
041 0 _aeng
050 1 4 _aJC571
_bU547 2005
245 0 0 _aUnesco chairs in human rights, democracy, peace and tolerance :
_bbulletin
260 _aAustria :
_bUnesco,
_c2005
300 _a184 páginas
650 4 _aDerechos humanos
_95797
902 _aVíctor Ruiz/010825
942 _2lcc
_cLIBRO
999 _c213640
_d213640